000
00297nam a2200121Ia 4500
008
190216s9999||||xx |||||||||||||| ||und||
100
_a
Sudharshan Bhatia
245
0
_a
Hindi-Shivaratri Se Vishpan Tak
260
_b
Himachal Pusthak Bander
_c
2008
300
_a
160
650
_a
Hindi
942
_c
BK
999
_c
16541
_d
16541